Fire Engineering (Record no. 103728)

MARC details
000 -LEADER
fixed length control field 01166cam a22002655a 4500
001 - CONTROL NUMBER
control field L127318
008 - FIXED-LENGTH DATA ELEMENTS--GENERAL INFORMATION
fixed length control field 040910s2003 xxkd f h 001 0 eng d
020 ## - INTERNATIONAL STANDARD BOOK NUMBER
International Standard Book Number 1903287316
035 ## - SYSTEM CONTROL NUMBER
System control number (Sirsi) u127318
041 0# - LANGUAGE CODE
Language code of text/sound track or separate title eng
050 04 - LIBRARY OF CONGRESS CALL NUMBER
Classification number 697 $2 18
110 2# - MAIN ENTRY--CORPORATE NAME
Corporate name or jurisdiction name as entry element Chartered Institution of Building Services Engineers
9 (RLIN) 2360
245 00 - TITLE STATEMENT
Title Fire Engineering
Remainder of title CIBSE Guide E
250 ## - EDITION STATEMENT
Edition statement 2nd ed.
260 ## - PUBLICATION, DISTRIBUTION, ETC.
Place of publication, distribution, etc. London
Name of publisher, distributor, etc. CIBSE
Date of publication, distribution, etc. 2003
300 ## - PHYSICAL DESCRIPTION
Extent 170p.
Other physical details ill.
Dimensions 31cm.
350 ## - PRICE (NR) (BK AM CF MU VM SE) [OBSOLETE]
Price 92
490 #0 - SERIES STATEMENT
Series statement CIBSE Guide
Volume/sequential designation E
505 2# - FORMATTED CONTENTS NOTE
Formatted contents note Legislation, standards and strategy -- Building designation -- Means of escape and human factors -- Compartmentation and spread of flame -- Alarm, detection and emergency lighting -- Fire and smoke ventilation -- Fire suppression -- Firefighting -- Fire safety management -- Fire safety on construction sites
520 ## - SUMMARY, ETC.
Summary, etc. This edition has been fully updated version of the first edition. It has two completely new sections dealing with firefighting and fire safety management.
520 ## - SUMMARY, ETC.
Summary, etc. Supersedes first edition (ISBN 0900953780)
651 #4 - SUBJECT ADDED ENTRY--GEOGRAPHIC NAME
Geographic name United Kingdom
Chronological subdivision
690 ## - LOCAL SUBJECT ADDED ENTRY--TOPICAL TERM (OCLC, RLIN)
Topical term or geographic name as entry element MANAGEMENT-HEALTH AND SAFETY-FIRE SAFETY
942 ## - ADDED ENTRY ELEMENTS (KOHA)
Suppress in OPAC 0
Holdings
Withdrawn status Lost status Source of classification or shelving scheme Damaged status Not for loan Home library Current library Shelving location Date acquired Cost, normal purchase price Total Checkouts Full call number Barcode Date last seen Date last checked out Copy number Cost, replacement price Price effective from Koha item type
    Dewey Decimal Classification     London London Folio 01/02/2005 78.20 5 F697 CHA 30069809 06/08/2019 23/10/2006 1 78.20 06/08/2019 Book